000 00688nam a22002057a 4500
005 20251108174952.0
008 250721s2002 xx 000 0 ara d
082 1 4 _aط/211.8/دقس
100 1 _aالدقس، فؤاد حمد
_eمعد
245 1 0 _aمن وحي التنزيل خلق الأنسان في القرآن الكريم /
264 1 _aحلب :
_bدار القلم العربي،
_c2002.
300 _aج12.
490 0 _aفجر الهدى و الايمان
_v12
650 1 7 _aالقرآن الكريم
650 1 7 _aإعجاز القرآن
653 _aناشئون صغار (10-14) سنة
653 _aخلق الانسان
942 _2ddc
_cBK
999 _c122793
_d122793